Catalogue of the Coptic manuscripts in the British Museum /

Bibliographic Details
Corporate Author: British Museum. Department of Oriental Printed Books and Manuscripts
Other Authors: Crum, W. E. (Walter Ewing), 1865-1944
Format: Book
Language:English
Published: London : British museum, 1905.
Subjects:

MARC

Tag First Indicator Second Indicator Subfields
LEADER 00000cam a2200000 4500
001 in00000013380
005 20151007052409.0
008 790201s1905 enkfh c 00100 eng
010 |a  07013488  
035 |a (OCoLC)04609404 
035 |9 AAA7598AM 
040 |a DLC  |c CLE  |d m/c  |d TXA  |d UtOrBLW 
049 |a TXAM  |c [A11489060] 
050 0 0 |a Z6621.B86  |b C8 
110 2 |a British Museum.  |b Department of Oriental Printed Books and Manuscripts. 
245 1 0 |a Catalogue of the Coptic manuscripts in the British Museum /  |c By W. E. Crum, M.A. Printed by order of the Trustees. 
264 1 |a London :  |b British museum,  |c 1905. 
300 |a xxiii, 623 pages, 15 leaves of plates :  |b facism. ;  |c 32 cm. 
336 |a text  |b txt  |2 rdacontent 
337 |a unmediated  |b n  |2 rdamedia 
338 |a volume  |b nc  |2 rdacarrier 
500 |a Includes indexes. 
650 0 |a Coptic manuscripts  |x Catalogs. 
650 0 |a Manuscripts  |z Great Britain  |v Catalogs. 
700 1 |a Crum, W. E.  |q (Walter Ewing),  |d 1865-1944. 
999 |a MARS 
999 f f |s 06b1702f-f9c4-3263-af1e-91e9885e6df0  |i bd5215b3-d94a-3e51-9b04-2dd413b75b14  |t 0 
952 f f |p ric  |a Texas A&M University  |b Rellis Campus  |c Joint Library Facility  |d Remote Storage  |t 0  |e Z6621.B86 C8  |h Library of Congress classification  |i unmediated -- volume  |m A14811489060 
998 f f |a Z6621.B86 C8  |t 0  |l Remote Storage